LEADER 02220nam 2200589 450 001 9910827889303321 005 20230803203243.0 010 $a1-4384-5244-6 035 $a(CKB)3710000000134248 035 $a(EBL)3408897 035 $a(SSID)ssj0001234791 035 $a(PQKBManifestationID)11735347 035 $a(PQKBTitleCode)TC0001234791 035 $a(PQKBWorkID)11222588 035 $a(PQKB)10249879 035 $a(MiAaPQ)EBC3408897 035 $a(OCoLC)881627725 035 $a(MdBmJHUP)muse31941 035 $a(Au-PeEL)EBL3408897 035 $a(CaPaEBR)ebr10885649 035 $a(EXLCZ)993710000000134248 100 $a20140702h20142014 uy 0 101 0 $aeng 135 $aur|n|---||||| 181 $ctxt 182 $cc 183 $acr 200 10$aDisaster emergency management $ethe emergence of professional help services for victims of natural disasters /$fLiza Ireni Saban 210 1$aAlbany, New York :$cState University of New York Press,$d2014. 210 4$dİ2014 215 $a1 online resource (242 p.) 300 $aDescription based upon print version of record. 311 $a1-4384-5243-8 320 $aIncludes bibliographical references and index. 327 $aIntroduction to disaster management -- Defining disaster vulnerability -- Vulnerability assessment of disaster management doctrines -- Applying communitarian social justice in public administration ethics -- Walzer's communitarianism in the service of disaster resilience doctrine -- Comparative analysis of community-based disaster resilience policies -- Administration and community collaboration in disaster management. 606 $aEmergency management 606 $aCrisis management 606 $aDisaster relief 606 $aHuman beings$xEffect of climate on 615 0$aEmergency management. 615 0$aCrisis management. 615 0$aDisaster relief. 615 0$aHuman beings$xEffect of climate on. 676 $a363.34/8 700 $aIreni Saban$b Liza$0952272 801 0$bMiAaPQ 801 1$bMiAaPQ 801 2$bMiAaPQ 906 $aBOOK 912 $a9910827889303321 996 $aDisaster emergency management$93937672 997 $aUNINA LEADER 03299nam 22008055 450 001 9910254892903321 005 20251116145234.0 010 $a9781137586919 010 $a1137586915 024 7 $a10.1007/978-1-137-58691-9 035 $a(CKB)3710000000542099 035 $a(EBL)4383690 035 $a(SSID)ssj0001616913 035 $a(PQKBManifestationID)16347224 035 $a(PQKBTitleCode)TC0001616913 035 $a(PQKBWorkID)14920903 035 $a(PQKB)10135324 035 $a(SSID)ssj0001572726 035 $a(PQKBManifestationID)16218665 035 $a(PQKBTitleCode)TC0001572726 035 $a(PQKBWorkID)14810449 035 $a(PQKB)10536390 035 $a(DE-He213)978-1-137-58691-9 035 $a(MiAaPQ)EBC4383690 035 $a(PPN)191702110 035 $a(Perlego)3493829 035 $a(EXLCZ)993710000000542099 100 $a20160126d2016 u| 0 101 0 $aeng 135 $aur|n|---||||| 181 $ctxt 182 $cc 183 $acr 200 10$aTowards a General Theory of Deep Downturns $ePresidential Address from the 17th World Congress of the International Economic Association in 2014 /$fby Joseph E. Stiglitz 205 $a1st ed. 2016. 210 1$aLondon :$cPalgrave Macmillan UK :$cImprint: Palgrave Macmillan,$d2016. 215 $a1 online resource (78 p.) 225 1 $aInternational Economic Association Series,$x2662-6349 300 $aDescription based upon print version of record. 311 08$a9781349887682 311 08$a1349887684 311 08$a9781137586902 311 08$a1137586907 320 $aIncludes bibliographical references. 327 $aCover; Title; Copyright; Contents; Acknowledgment; Introduction; 1 Three Fundamental Questions; 2 Three Strands of Theory; 3 The Capitalist Economy as a Credit Economy; Concluding Remarks: The Crisis in Economics; References 330 $aJoseph Stiglitz examines the theory behind the economic downturns that have plagued our world in recent times. This fascinating three-part lecture acknowledges the failure of economic models to successfully predict the 2008 crisis and explores alternative models which, if adopted, could potentially restore a stable and prosperous economy. 410 0$aInternational Economic Association Series,$x2662-6349 606 $aEconomics 606 $aFinance, Public 606 $aInternational economic relations 606 $aMacroeconomics 606 $aPolitical Economy and Economic Systems 606 $aPublic Economics 606 $aInternational Economics 606 $aMacroeconomics and Monetary Economics 615 0$aEconomics. 615 0$aFinance, Public. 615 0$aInternational economic relations. 615 0$aMacroeconomics. 615 14$aPolitical Economy and Economic Systems. 615 24$aPublic Economics. 615 24$aInternational Economics. 615 24$aMacroeconomics and Monetary Economics. 676 $a338.542 700 $aStiglitz$b Joseph E.$4aut$4http://id.loc.gov/vocabulary/relators/aut$0303847 712 02$aInternational Economic Association.$bWorld Congress$d(17th :$f2014 :$eJordan) 906 $aBOOK 912 $a9910254892903321 996 $aTowards a General Theory of Deep Downturns$92295473 997 $aUNINA